<?xml version="1.0" encoding="UTF-8"?>
<record
    xmlns:xsi="http://www.w3.org/2001/XMLSchema-instance"
    xsi:schemaLocation="http://www.loc.gov/MARC21/slim http://www.loc.gov/standards/marcxml/schema/MARC21slim.xsd"
    xmlns="http://www.loc.gov/MARC21/slim">

  <leader>00189nam a22000977a 4500</leader>
  <datafield tag="245" ind1=" " ind2=" ">
    <subfield code="a">Xam Idea Mathematics</subfield>
  </datafield>
  <datafield tag="250" ind1=" " ind2=" ">
    <subfield code="a">2024</subfield>
  </datafield>
  <datafield tag="260" ind1=" " ind2=" ">
    <subfield code="b">V.K.  Publicatoin</subfield>
  </datafield>
  <datafield tag="300" ind1=" " ind2=" ">
    <subfield code="a">575</subfield>
  </datafield>
  <datafield tag="942" ind1=" " ind2=" ">
    <subfield code="2">ddc</subfield>
    <subfield code="c">SB</subfield>
  </datafield>
  <datafield tag="999" ind1=" " ind2=" ">
    <subfield code="c">9080</subfield>
    <subfield code="d">9080</subfield>
  </datafield>
  <datafield tag="952" ind1=" " ind2=" ">
    <subfield code="0">0</subfield>
    <subfield code="1">0</subfield>
    <subfield code="2">ddc</subfield>
    <subfield code="4">0</subfield>
    <subfield code="7">0</subfield>
    <subfield code="a">MIETPSM</subfield>
    <subfield code="b">MIETPSM</subfield>
    <subfield code="d">2024-07-08</subfield>
    <subfield code="e">Savera, Meerut</subfield>
    <subfield code="g">756.00</subfield>
    <subfield code="l">0</subfield>
    <subfield code="p">M10259</subfield>
    <subfield code="r">2024-07-11</subfield>
    <subfield code="w">2024-07-11</subfield>
    <subfield code="y">SB</subfield>
    <subfield code="k"></subfield>
  </datafield>
</record>
